书目信息 |
| 题名: |
农业灌溉排水工程技术
|
|
| 作者: | 郭旭新 主编 | |
| 分册: | ||
| 出版信息: | 北京 中国水利水电出版社 2017 |
|
| 页数: | 276页 | |
| 开本: | 26cm | |
| 丛书名: | 全国水利行业“十三五”规划教材 | |
| 单 册: | ||
| 中图分类: | S276 | |
| 科图分类: | ||
| 主题词: | 农业灌溉--Nong Ye Guan Gai--排水工程--教材 | |
| 电子资源: | ||
| ISBN: | 978-7-5170-5178-7 | |
| 000 | 01109nam 2200277 450 | |
| 001 | 012001002825 | |
| 005 | 20131015165658.0 | |
| 010 | @a978-7-5170-5178-7@dCNY46.00 | |
| 099 | @aCAL 012017041630 | |
| 100 | @a20170330d2017 em y0chiy50 ea | |
| 101 | 0 | @achi |
| 102 | @aCN@b110000 | |
| 105 | @aak a 000yy | |
| 106 | @ar | |
| 200 | 1 | @a农业灌溉排水工程技术@ANong Ye Guan Gai Pai Shui Gong Cheng Ji Shu@f主编郭旭新 |
| 210 | @a北京@c中国水利水电出版社@d2017 | |
| 215 | @a276页@c图@d26cm | |
| 225 | 2 | @a全国水利行业“十三五”规划教材@AQuan Guo Shui Li Hang Ye “shi San Wu ”gui Hua Jiao Cai@i职工培训 |
| 320 | @a有书目 (第276页) | |
| 330 | @a本书主要内容包括土壤与农田水分状况、作物需水量与灌溉用水量、灌溉水源及取引水工程技术、井灌区规划、渠道输水灌溉工程技术、地面灌水技术、低压管道输水灌溉技术、喷灌工程技术、微灌工程技术、排水工程技术等。 | |
| 410 | 0 | @12001 @a全国水利行业“十三五”规划教材@i职工培训 |
| 606 | 0 | @a农业灌溉@ANong Ye Guan Gai@x排水工程@j教材 |
| 690 | @aS276@v5 | |
| 701 | 0 | @a郭旭新@AGuo Xu Xin@4主编 |
| 801 | 0 | @aCN@b北京卓展@c20191020 |
| 905 | @b1205886-9@dS276@e58@f4 | |
| 农业灌溉排水工程技术/主编郭旭新.-北京:中国水利水电出版社,2017 |
| 276页:图;26cm.-(全国水利行业“十三五”规划教材.职工培训) |
| ISBN 978-7-5170-5178-7:CNY46.00 |
| 本书主要内容包括土壤与农田水分状况、作物需水量与灌溉用水量、灌溉水源及取引水工程技术、井灌区规划、渠道输水灌溉工程技术、地面灌水技术、低压管道输水灌溉技术、喷灌工程技术、微灌工程技术、排水工程技术等。 |
| ● |
| 相关链接 |
|
|
|
|
正题名:农业灌溉排水工程技术
索取号:S276/58
 
预约/预借
| 序号 | 登录号 | 条形码 | 馆藏地/架位号 | 状态 | 备注 |
| 1 | 1205886 | 212058869 | 第二样本阅览室/ [索取号:S276/58] | 在馆 | |
| 2 | 1205887 | 212058878 | 第三借阅区/ [索取号:S276/58] | 在馆 | |
| 3 | 1205888 | 212058887 | 第三借阅区/ [索取号:S276/58] | 在馆 | |
| 4 | 1205889 | 212058896 | 第三借阅区/ [索取号:S276/58] | 在馆 |